02324nam a2200469 i 4500001000700000003000800007005001700015006001900032007001500051008004100066020002800107035002200135040003100157050001200188080001000200082001600210100005400226245012900280264009100409300005300500336003100553337003300584338004300617490002300660504004200683505047900725588008301204590016201287650002801449650002701477650002401504650003601528650003501564650003001599650002701629650004701656655002701703797001801730830002401748856006301772999001901835145690FlNmELB20241217182100.0m o d | cr cnu||||||||210623s2012 ck a fob 000 0 spa d a9789587750690q(e-book) a(OCoLC)1261028325 aFINmELBbspaerdacFINmELB 4aHC79.E5 a658.504a338.9272231 aRomero Larrahondo, Paulo Andrés,d1965-eautor.10aCiclo de vida de los productos :bdiseño y análisis para la innovación sostenible /cPaulo Andrés Romero Larrahondo. 1aBogotá :bUniversidad Nacional de Colombia. Sede Bogotá. Facultad de Artes,c2012. a1 recurso en línea (92 páginas) :bdiagramas atextobtxt2rdacontent/spa acomputadorabc2rdamedia/spa arecurso en líneabcr2rdacarrier/spa1 aActo cumplido ;v2 aIncluye referencias bibliográficas.0 a1. Presentación -- 2. Análisis del ciclo de vida del producto en el marco de la innovación y la competitividad - 3. Estrategia y estructura metodológica usadas para adelantar el análisis del ciclo de vida de un producto - 4. Oportunidades y realidades del uso del análisis del ciclo de vida de los productos - 5. Análisis del ciclo de vida de los productos en el contexto del proyecto - 6. Lectura del contexto organizacional favorable -- 7. Reflexión final. aDescripción basada en metadatos suministrados por el editor y otras fuentes. aRecurso electrónico. Santa Fe, Arg.: elibro, 2021. Disponible vía World Wide Web. El acceso puede estar limitado para las bibliotecas afiliadas a elibro. 0aProduction engineering. 0aProduction management. 0aProduct life cycle. 4aCiclo de vida de los productos. 4aObsolescencia de los poductos. 4aCalidad de los productos. 4aDesarrollo sostenible. 4aDiseño industrialxAspectos ambientales. 4aLibros electrónicos.2 aelibro, Corp. 0aActo cumplido ;v2.40uhttps://elibro.net/ereader/politecnicointernacional/127589 c145690d145690